000 00973nam a2200253 a 4500
003 AR-BaBNM
005 20251128205106.0
008 082120s2002 ||||||||||||||000 | spa||
020 _a987-99025-5-6
040 _cAR-BaBNM
100 1 _aMasiello, Francine
245 0 0 _aLa mujer y el espacio público
_bel periodismo femenino en la Argentina del siglo XIX
260 _aBuenos Aires
_bFeminaria
_c1994
300 _a248 p.
_bil.
500 _aSe compilan notas aparecidas en cinco revistas femeninas del pasado siglo
500 _aSe ilustra la obra con viñetas que reproducen las cabeceras de portada de las revistas de las cuales se trata en el texto: "La Aljaba" 1830; "La Camelia" 1852; "Album de Señoritas" 1854; "La Alborada del Plata" 1877, 1880 y "La voz de la mujer" 1896
650 4 _aHISTORIA ARGENTINA
650 4 _aSIGLO DIECINUEVE
650 4 _aMUJERES
650 4 _aHISTORIA SOCIAL
650 4 _aPERIODISMO
942 _cBK
998 _cEnrique
999 _c9955
_d9955